| 000 | 00740cab a2200253 4500 | ||
|---|---|---|---|
| 001 | WB3308-25 | ||
| 008 | 090401t1997 xxu||||| |||| 00| 0 eng d | ||
| 035 | _a(Sirsi) u55576 | ||
| 041 | _aeng | ||
| 245 | _aLabour in mortgage crackdown | ||
| 260 | _c1997 | ||
| 350 | _a0 | ||
| 490 |
_aIndependent on Sunday _v16 February 1997, 1(1) |
||
| 520 | _aIf elected the Labour party proposes regulating the sale of mortgages as part of a new initiative to protect the consumer. | ||
| 650 | _aCONSUMER PROTECTION | ||
| 650 | _aFINANCIAL SERVICES REGULATION | ||
| 650 | _aHOMEBUYERS | ||
| 650 | _aLABOUR PARTY | ||
| 650 | _aMORTGAGE LENDERS | ||
| 650 | _aMORTGAGES | ||
| 690 | _aHOUSING-FINANCE | ||
| 942 | _n0 | ||
| 948 | _c04/03/1997 | ||
| 999 |
_c33961 _d33961 |
||